000 00619nam a2200157 4500
008 170329b xxu||||| |||| 00| 0 eng d
022 _a01153544
082 _aDPer 338.05 En86 Apr-Jul 2015 v. 15, n. 158-161
100 _919576
_aFrancisco, Mikael Angelo
245 _aBeyond cookie-cutter:
_bMrs. Fields breaks from its old-fashioned mold to tap a younger market/
_cMikael Angelo Francisco.
260 _aPhilippines:
_bSummit Media,
_cApr-Jul 2015.
300 _av15 n160, page 76:
_billustrations,
_c28 cm.
500 _aEntrepreneur.
650 0 _919581
_aFranchises (retail trade)
_xPastries
942 _2ddc
_cPER
999 _c6470
_d6470